LIBRARY & INFORMATION CENTRE, KCAET, TAVANUR

ONLINE PUBLIC ACCESS CATALOGUE (OPAC)

Plantation and agri-horticultural resources of Kerala : Aspects of plant sciences, Vol 7 / (Record no. 1634)

MARC details
000 -LEADER
fixed length control field 00504cam a2200169ua 4500
041 ## - LANGUAGE CODE
Language code of text/sound track or separate title eng
082 ## - DEWEY DECIMAL CLASSIFICATION NUMBER
Classification number 633.082
Item number NAI/PL
100 ## - MAIN ENTRY--AUTHOR NAME
Personal name Nair, P.K.K .
245 ## - TITLE STATEMENT
Title Plantation and agri-horticultural resources of Kerala : Aspects of plant sciences, Vol 7 /
260 ## - PUBLICATION, DISTRIBUTION, ETC. (IMPRINT)
Place of publication New Delhi :
Name of publisher Today and tomorrow`s printers and publishers ,
Year of publication 1984.
300 ## - PHYSICAL DESCRIPTION
Number of Pages 104 ; .
942 ## - ADDED ENTRY ELEMENTS (KOHA)
Koha item type Books
Holdings
Withdrawn status Lost status Damaged status Collection code Home library Current library Shelving location Date acquired Full call number Accession Number Koha item type
      General Books KAUAET KAUAET General Stacks 07/04/2012 633.082 19735 Books
free website counter